| 000 | 00559nam a2200193 u 4500 | ||
|---|---|---|---|
| 005 | 20210223131948.0 | ||
| 008 | 121120s2009 r 000 0 eng d | ||
| 020 | _a9788496974319 | ||
| 035 | _aUPN01000188702 | ||
| 049 | _aCG | ||
| 050 | 4 |
_aPQ9261 S2.2 _bI5.2 |
|
| 100 | 1 |
_aSá-Carneiro, Mário de, _d1890-1916 _933026 |
|
| 245 | 1 | 0 |
_aIncesto / _cMário de Sá-Carneiro ; tr. Enrique Moya Carrión. |
| 260 |
_aMadrid : _bGadir, _c2009. |
||
| 300 | _a123 p. | ||
| 440 | 0 | _aPequeña biblioteca Gadir | |
| 650 | 4 |
_aNOVELA PORTUGUESA _915656 |
|
| 905 | _aLibro | ||
| 999 |
_c160805 _d160805 |
||